00828nam a2200301Ia 4500008004100000020001800041050001400059100001800073245003500091245002200126260002500148260001600173260000900189300001600198300002800214300001000242440001800252500001000270650003500280650001100315650001300326650001300339650002100352700001200373700001100385999001900396952011100415190123s9999 xx 000 0 und d a9780545128285 bR884 2008 aRowling, J.K. 4aThe lates of beedle the bard / 0cby J. K. Rowling. aNew York, New York : bScholastic, c2008 a111 pages : bcolored illustrations ; c21cm. aHarry Potter. a1290L aHogwarts School of witchcraft. aMagic. aWizards. aYouth -- xConduct of life. aSeries. aTitle. c361179d361179 001040aSSISMbSSISMcSSISMd2019-01-23l0oFIC R884 2008pSSISM6336r2019-01-23 00:00:00w2019-01-23yBK